[Event "Getting to know the SIte"]
[Site "http://www.queenalice.com/game.php?id=697314"]
[Date "2009.12.13"]
[Round "-"]
[White "somar96"]
[Black "coloneljack"]
[Result "1-0"]
[WhiteElo "2128"]
[BlackElo "923"]

1. e4 e5 2. Nf3 Nc6 3. d4 d6 4. Nc3 exd4 5. Nxd4 Nf6 6. Bb5 Bd7 7. O-O Ne5 8.
Bxd7+ Qxd7 9. h3 Be7 10. Qe2 O-O-O 11. f4 Ng6 12. Be3 Nh4 13. Rad1 d5 14. e5 g6
15. exf6 Bxf6 16. Qg4 b6 17. Qxd7+ Rxd7 18. g3 Nf5 19. Nxf5 gxf5 20. Nxd5 h5 21.
Nxf6 Re7 22. Bd4 Re6 23. Nd5 Rg8 24. Kf2 Rge8 25. Rfe1 c6 26. Rxe6 Rxe6 27. Nf6
c5 28. Be5 Re8 29. Nxe8 a5 30. Ke3 b5 31. Nd6+ Kd7 32. Nxb5+ Kc6 33. Nd6 c4 34.
Nxc4 a4 35. Kd4 Kd7 36. Kc5+ Ke6 37. Rd6+ Ke7 38. Bf6+ Kf8 39. Rd8# 1-0

[Event "Let's Play Chess!"]
[Site "http://www.queenalice.com/game.php?id=697320"]
[Date "2009.12.13"]
[Round "-"]
[White "coloneljack"]
[Black "max_matriz"]
[Result "0-1"]
[WhiteElo "1100"]
[BlackElo "1062"]

1. e4 c5 2. Bc4 e6 3. d3 Qa5+ 4. Bd2 Qd8 5. Nf3 Qf6 6. Bc3 Qe7 7. Ne5 f6 8. Bd2
fxe5 9. Bb5 a6 10. Ba4 h5 11. Bc3 h4 12. Bxe5 Nc6 13. Bc7 Nb4 14. h3 Qg5 15. O-O
Rh6 16. Qf3 Rf6 17. Qe2 Rg6 18. Nc3 Qxg2# 0-1

[Event "Let's Play Chess!"]
[Site "http://www.queenalice.com/game.php?id=697321"]
[Date "2009.12.13"]
[Round "-"]
[White "newblockader"]
[Black "coloneljack"]
[Result "0-1"]
[WhiteElo "1695"]
[BlackElo "1100"]

1. e4 e5 2. Nf3 Nc6 3. Bc4 d6 4. d3 Be7 5. O-O Nf6 6. Bg5 Ng4 7. h3 Bxg5 8. Nxg5
Qxg5 9. Qf3 Nd4 10. Qxf7+ Kd8 11. hxg4 Ne2+ 12. Kh1 Qh4# 0-1

[Event "Let's Play Chess!"]
[Site "http://www.queenalice.com/game.php?id=697709"]
[Date "2009.12.14"]
[Round "-"]
[White "coloneljack"]
[Black "Scorch"]
[Result "0-1"]
[WhiteElo "943"]
[BlackElo "1201"]

1. e4 e5 2. Nc3 g6 3. Nf3 Nc6 4. Bc4 d6 5. d3 Be6 6. Ng5 h6 7. Bb5 Be7 8. Nh3 a6
9. Ba4 b5 10. O-O bxa4 11. Be3 Nf6 12. Nxa4 g5 13. g4 Nxg4 14. Nc3 Qb8 15. Ne2
d5 16. c3 Qxb2 17. d4 dxe4 18. c4 Bxc4 19. Ng3 Nxd4 20. Qa4+ Bb5 21. Qd1 Nf3+
22. Kh1 Bxf1 23. Qxf1 Nxe3 24. Rb1 Qxa2 25. fxe3 Qxh2# 0-1

[Event "Let's Play Chess!"]
[Site "http://www.queenalice.com/game.php?id=699080"]
[Date "2009.12.17"]
[Round "-"]
[White "mikeddd013"]
[Black "coloneljack"]
[Result "1-0"]
[WhiteElo "1310"]
[BlackElo "954"]

1. e4 e5 2. Nf3 Nc6 3. Nc3 a6 4. Bc4 Bc5 5. Na4 Nb4 6. Nxc5 d6 7. Nb3 Nf6 8. c3
Nxe4 9. cxb4 Be6 10. Bxe6 fxe6 11. d3 Nf6 12. Na5 d5 13. Nxb7 e4 14. Nxd8 exf3
15. Nxe6 Rb8 16. Nxg7+ Kf7 17. Bh6 fxg2 18. Rg1 Rxb4 19. Rxg2 Ke7 20. Nf5+ Kf7
21. Bg7 Re8+ 22. Kf1 Nh5 23. Qxh5+ Kg8 24. Qxe8# 1-0

[Event "Challenge"]
[Site "http://www.queenalice.com/game.php?id=703106"]
[Date "2009.12.25"]
[Round "-"]
[White "colatina"]
[Black "coloneljack"]
[Result "0-1"]
[WhiteElo "1363"]
[BlackElo "943"]

1. d4 d5 2. f3 Bf5 3. Nc3 Nf6 4. g4 Bg6 5. e4 e6 6. e5 Nfd7 7. Bd3 Bb4 8. Bxg6
hxg6 9. Bd2 Qh4+ 10. Kf1 Nc6 11. Nb5 Be7 12. Nxc7+ Kd8 13. Nxa8 Nxd4 14. Be3 Nc6
15. Bf2 Qg5 16. f4 Qxf4 17. Qe2 Ndxe5 18. Nh3 Qh6 19. Kg2 Qxh3+ 20. Kg1 Nf3+ 21.
Qxf3 Qxf3 22. Rf1 Bd6 23. Bg3 Bc5+ 24. Rf2 Qd1+ 25. Kg2 Qxg4 26. Rhf1 Qh5 27.
Rxf7 Nd4 28. Rf8+ Rxf8 29. Rxf8+ Bxf8 0-1

[Event "Challenge"]
[Site "http://www.queenalice.com/game.php?id=703572"]
[Date "2009.12.26"]
[Round "-"]
[White "colatina"]
[Black "coloneljack"]
[Result "1-0"]
[WhiteElo "1357"]
[BlackElo "943"]

1. e4 e5 2. Nf3 Nc6 3. d4 d6 4. d5 Nb8 5. c3 Bd7 6. Bd3 Be7 7. O-O Bg4 8. h3 Bh5
9. Bb5+ c6 10. Be2 Nf6 11. Qb3 Nxe4 12. Nbd2 Nf6 13. dxc6 e4 14. Ng5 O-O 15.
Bxh5 g6 16. Bxg6 hxg6 17. cxb7 Nbd7 18. bxa8=Q Qxa8 19. Re1 a5 20. Ndxe4 Nh5 21.
Ne6 fxe6 22. Qxe6+ Kg7 23. Qxe7+ Rf7 24. Qg5 Rf5 25. Qh6+ Kf7 26. Nxd6+ Kf6 27.
Qh7 Nf8 28. Qf7# 1-0

[Event "Challenge"]
[Site "http://www.queenalice.com/game.php?id=711943"]
[Date "2010.1.11"]
[Round "-"]
[White "coloneljack"]
[Black "rconley23"]
[Result "1-0"]
[WhiteElo "923"]
[BlackElo "1093"]

1. e4 e5 2. Nf3 d5 3. d3 Na6 4. Bg5 f6 5. Bh4 dxe4 6. dxe4 Bb4+ 7. c3 Bd6 8.
Nfd2 Nc5 9. b4 Nxe4 10. Nxe4 Bd7 11. Bc4 Ne7 12. a3 Ng6 13. Bg3 Qe7 14. Nbd2
O-O-O 15. O-O f5 16. Nb3 fxe4 17. Qd5 c6 18. Qa5 e3 19. Qxa7 Kc7 20. Ba6 exf2+
21. Rxf2 Be6 22. Qxb7# 1-0

[Event "Let's Play Chess!"]
[Site "http://www.queenalice.com/game.php?id=711944"]
[Date "2010.1.11"]
[Round "-"]
[White "coloneljack"]
[Black "bumpywater"]
[Result "0-1"]
[WhiteElo "964"]
[BlackElo "1608"]

1. e4 e5 2. Nf3 Nc6 3. Bb5 Qf6 4. d3 Bb4+ 5. Bd2 Bxd2+ 6. Qxd2 a6 7. Bc4 d6 8.
Qe2 Bg4 9. Qd2 Bxf3 10. gxf3 Nd4 11. Nc3 Nxf3+ 12. Ke2 Nxd2 13. Kxd2 Qxf2+ 14.
Ne2 Nf6 15. Raf1 Qb6 16. Rhg1 O-O 17. Rf3 c6 18. Rxf6 Rad8 19. d4 Qb4+ 20. Kd3
exd4 21. Nxd4 Kh8 22. Rf4 g6 23. h4 h5 24. b3 d5 25. exd5 cxd5 26. c3 dxc4+ 27.
bxc4 Qd6 28. a4 Qxf4 29. Re1 Qg3+ 30. Re3 Qxh4 31. c5 Qh1 32. c4 Qd1+ 33. Ke4
Qxd4+ 34. Kf3 Qg4+ 35. Kf2 Rd2+ 36. Ke1 Qd1# 0-1

[Event "AUTO-BEG-374"]
[Site "http://www.queenalice.com/game.php?id=713353"]
[Date "2010.1.13"]
[Round "1"]
[White "A19_applelover"]
[Black "coloneljack"]
[Result "1-0"]
[WhiteElo "1206"]
[BlackElo "964"]

1. e4 e5 2. Bc4 Nf6 3. d4 d6 4. d5 Nxe4 5. f3 Nc5 6. Be3 Be7 7. Bxc5 dxc5 8. Nc3
Bg5 9. Ne4 Bh6 10. Nxc5 Qe7 11. Ne4 Qb4+ 12. c3 Qxc4 13. b3 Qb5 14. c4 Qb4+ 15.
Qd2 Qe7 16. Qc3 Na6 17. Nh3 f5 18. Nd2 f4 19. g4 e4 20. Nxe4 Nc5 21. O-O-O Qh4
22. g5 Bxg5 23. Nhxg5 b6 24. Qxg7 Rf8 25. Nf6+ Kd8 26. Qxf8# 1-0

[Event "AUTO-BEG-374"]
[Site "http://www.queenalice.com/game.php?id=713354"]
[Date "2010.1.13"]
[Round "1"]
[White "coloneljack"]
[Black "A19_applelover"]
[Result "0-1"]
[WhiteElo "944"]
[BlackElo "1221"]

1. e4 c5 2. Bc4 a6 3. d3 b5 4. Bd5 Nc6 5. Qf3 e6 6. Nh3 exd5 7. Ng5 f6 8. Nh3
Ne5 9. Qe2 d4 10. Bf4 d6 11. Bd2 Ne7 12. O-O Bb7 13. Nf4 Qd7 14. Ba5 b4 15. Qh5+
g6 16. Nd2 gxh5 17. Nxh5 Kf7 18. Nb3 Qa4 19. Bc7 N7c6 20. Bxd6 Bxd6 21. Nf4 Ne7
22. Rfc1 Rhg8 23. Nd2 Nf3+ 24. Nxf3 Bxf4 25. b3 Qa3 26. e5 Bxc1 27. h3 Qb2 28.
Rxc1 Qxc1+ 29. Kh2 Bxf3 30. gxf3 Qg1# 0-1

[Event "AUTO-BEG-374"]
[Site "http://www.queenalice.com/game.php?id=713367"]
[Date "2010.1.13"]
[Round "1"]
[White "kiteflyer"]
[Black "coloneljack"]
[Result "1-0"]
[WhiteElo "1332"]
[BlackElo "923"]

1. e4 e5 2. Nf3 Nc6 3. d4 d6 4. Nc3 Bg4 5. Be2 Nf6 6. O-O Nh5 7. h3 Be6 8. Ng5
Nxd4 9. Bxh5 h6 10. Nf3 Bc4 11. Re1 d5 12. Nxe5 Qf6 13. exd5 Qh4 14. Re4 Qf6 15.
Rxd4 Bc5 16. Rf4 Qg5 17. Rxf7 Qxh5 18. Qxh5 c6 19. Rd7+ Kf8 20. Qf7# 1-0

[Event "AUTO-BEG-374"]
[Site "http://www.queenalice.com/game.php?id=713368"]
[Date "2010.1.13"]
[Round "1"]
[White "coloneljack"]
[Black "kiteflyer"]
[Result "0-1"]
[WhiteElo "923"]
[BlackElo "1390"]

1. e4 e5 2. Bc4 Nf6 3. d3 Bc5 4. Bg5 O-O 5. Nc3 h6 6. Bh4 Qe8 7. Qf3 Nc6 8. Nge2
Nd4 9. Bg3 Nxf3+ 10. gxf3 a6 11. f4 b5 12. fxe5 bxc4 13. exf6 gxf6 14. dxc4 Bb4
15. O-O-O Bxc3 16. bxc3 Qxe4 17. c5 Qxe2 18. Rhg1 Kh7 19. f4 Qe3+ 20. Kb2 Rb8+
21. Ka1 Qxc3# 0-1

[Event "AUTO-BEG-374"]
[Site "http://www.queenalice.com/game.php?id=713375"]
[Date "2010.1.13"]
[Round "1"]
[White "XHADREZ1000"]
[Black "coloneljack"]
[Result "1-0"]
[WhiteElo "1141"]
[BlackElo "928"]

1. e4 e5 2. c4 Bc5 3. Qa4 Qf6 4. Nf3 Nh6 5. Nc3 Ng4 6. Nd1 Nxf2 7. Nxf2 Qb6 8.
Nd3 Qd6 9. Ndxe5 Qf6 10. Qa5 d6 11. Ng4 Bxg4 12. Qxc7 O-O 13. Qxb7 1-0

[Event "AUTO-BEG-374"]
[Site "http://www.queenalice.com/game.php?id=713376"]
[Date "2010.1.13"]
[Round "1"]
[White "coloneljack"]
[Black "XHADREZ1000"]
[Result "0-1"]
[WhiteElo "919"]
[BlackElo "1148"]

1. e4 e5 2. Nf3 Bc5 3. Bc4 Nf6 4. Nxe5 O-O 5. d3 Bb4+ 6. c3 Bd6 7. Nf3 Bc5 8.
Bg5 h6 9. Bxh6 gxh6 10. Nh4 d6 11. Qf3 Ng4 12. Ng6 Nxf2 13. Qh5 Nxh1 0-1

[Event "Let's Play Chess!"]
[Site "http://www.queenalice.com/game.php?id=714726"]
[Date "2010.1.16"]
[Round "-"]
[White "AwesomeOlga"]
[Black "coloneljack"]
[Result "1-0"]
[WhiteElo "1453"]
[BlackElo "923"]

1. d4 d5 2. Nc3 Nf6 3. Bg5 Nh5 4. e3 g6 5. Nf3 Bg4 6. Qd3 Qd6 7. Nb5 Qb4+ 8. Qc3
Qxc3+ 9. bxc3 Nc6 10. Nxc7+ Kd8 11. Nxa8 f6 12. Bf4 g5 13. Bg3 e6 14. Rb1 e5 15.
dxe5 fxe5 16. Bb5 Ne7 17. Nxe5 a6 18. Nf7+ Kc8 19. Nb6# 1-0

[Event "Challenge"]
[Site "http://www.queenalice.com/game.php?id=726420"]
[Date "2010.2.5"]
[Round "-"]
[White "LEOKnopp"]
[Black "coloneljack"]
[Result "1-0"]
[WhiteElo "1189"]
[BlackElo "954"]

1. e4 e5 2. Nf3 Nc6 3. Bc4 Bb4 4. Ng5 Qxg5 5. c3 Bc5 6. d4 Qxg2 7. Rf1 Qxe4+ 8.
Be3 d6 9. dxc5 Qxc4 10. cxd6 Nf6 11. dxc7 1-0

[Event "Let's Play Chess!"]
[Site "http://www.queenalice.com/game.php?id=739227"]
[Date "2010.3.1"]
[Round "-"]
[White "coloneljack"]
[Black "kre"]
[Result "0-1"]
[WhiteElo "928"]
[BlackElo "1520"]

1. e4 e5 2. Nf3 Nc6 3. Bc4 a6 4. d3 b5 5. Ng5 bxc4 6. dxc4 Bc5 7. O-O f6 8. Nc3
fxg5 9. Nd5 Nf6 10. Bxg5 h6 11. Bd2 Nxe4 0-1